000 00914nam a22003017a 4500
001 BR8104478
003 BR-BrBNA
005 20230928091018.0
007 ta
008 230509b bl.||||| |||| 00| 0 por d
040 _aBR-BrBNA
_bpor
_cBiblioteca Nacional de Agricultura
041 _a(Por)
072 _aF24
090 _ F24 BR8104478
100 1 _aValerio Filho, M.
100 1 _aEpiphanio, J.C.N.
100 1 _aFormaggio, A.R.
110 1 _aInstituto de Pesquisas Espaciais, Sao Jose dos Campos, SP (Brasil)
245 1 _aMetodologia de interpretacao de dados de sensoriamento remoto e applicacoes em pedologia
_bINPE-2211-MD/008
260 3 _aSao Jose dos Campos, SP (Brasil):
_c1981.
300 _a58 p.
500 _aSummaries (Eng, Por)
650 _aSENSORIAMENTO REMOTO
650 _aAEROFOTOGRAMETRIA
650 _aPEDOLOGIA
909 _a202309
_bLucia
_c55
_dLucia Elande
942 _cBK
999 _c31751
_d31751